000 00268nam a2200133Ia 4500
100 _aStrelkov/ S.P.
942 _cBK
654 _aMechanics
245 _aMechanics
260 _bMir Publishers
_aMoscow
_c1978
082 _a531
300 _a565
546 _aENGLISH
999 _c20037
_d20037